01460nam0a22002891 4500001003100000005001700031035002600048100004100074101000800115102000700123105001800130200037000148210002900518215004800547316009200595320003300687482013500720606007800855606004800933620002700981686002101008686002101029700003201050801002701082801002301109852003801132RU\INFOCOMM_322\NLR\500024867220250614080146.0 a(NLR Aleph) 010594914 a20130320d1938 |||y0rusy50 ca0 ager aRU ay z|||| 1 aˆDie ‰röntgenologischen Schwangerschaftsaufnahmen an der Königsberger Universitäts-Frauenklinik in den Jahren 1932-1937 unter besonderer Berücksichtigung der Darstellung des Foetus mortuuseInaug.-Diss. zur Erlangung des Doktorgrades an der ... Univ. zu Königsberg (Pr)fvorgelegt von Wolfgang Pieper ...gAus der Univ. Frauenklinik zu Königsberg (Pr) aKönigsberg (Pr.)d1938 a27 с., 1 л. табл.cтабл.d20 см aПриплетено к: Mehring, W. Über Alkoholhalluzinosen. Königsberg Pr., 1938 aБиблиогр.: с. 25-26 012001#$aÜber Alkoholhalluzinosen1210##$aKönigsberg Pr.$d19381700#1$aMehring$bW.$4070tÜber AlkoholhalluzinosenaMehring, W.0 aБеременностьxРентгенодиагностика2nlr_sh10 aМертворождаемость2nlr_sh1 aКалининград aМе17-102rubbk aМе17-452rubbk 1aPieperbW.f1913-gWolfgang 1aRUbInfocommc20130320 0aRUbINFOCOMMgPSBO aNLRjМд51 В-5/19 Аллиг.15